Statistics for Country Shape Quiz #1

Click here to take the quiz!

General Stats

  • This quiz has been taken 356,946 times
    (356,875 since last reset)
  • The average score is 13 of 16

Answer Stats

Answer% Correct
United States
97%
Australia
95%
Italy
95%
India
93%
United Kingdom
91%
France
90%
Mexico
87%
Japan
86%
China
84%
Norway
83%
Egypt
82%
Indonesia
82%
Brazil
77%
Argentina
74%
Iraq
43%
Panama
40%

Score Distribution

Percentile by Number Answered

Percent of People with Each Score

Your Score History

You have not taken this quiz since the last reset